01020nas a2200301 4500001001000000003000900010005001700019007000300036008003400039040005400073041000900127072001300136100001600149100001400165100002000179245009200199650001100291650001200302650002100314650001400335650002100349650001200370773010800382909004000490942001800530999001900548952015100567BR8503560BR-BrBNA20231205090258.0ta230509b bl.|||p| |||| 00| 00por d aBR-BrBNAbporcBiblioteca Nacional de Agricultura a(Pt) aF06; F011 aMinella, E.1 aDotto, S.1 aAndrade, J.M.V.1 aCultivo de cevada cervejeira sob irrigacao no Brasil Central (Lavouras e campos-piloto) aCEVADA aCERVEJA aPRATICA CULTURAL aIRRIGACAO aPRODUCAO VEGETAL aCERRADO0 tITEM. Irrigacao e Tecnologia Moderna (Brazil)xISSN 0102-0536g(Mar 1985), (no. 20) p. 39-40wBR8503560 a202311bLúciac55dLúcia Elande 2AGRISn0cANA c117317d117317 002AGRIS4071a41918b41918cPeriódicos Agrícolash(Mar 1985), (no. 20) p. 39-40l0r2023-11-29t01yCRePortaria Interministerial nº 164/94